|
|
|
|
| LEADER |
01002cam a2200253 7i4500 |
| 001 |
0000054078 |
| 005 |
20210906090000.0 |
| 020 |
|
|
|a 9780071825511 (electronic book)
|
| 090 |
0 |
0 |
|a TA159
|b .G68 2015
|
| 100 |
1 |
|
|a Goswami, Indranil
|
| 245 |
1 |
0 |
|a Civil engineering all-in-one PE exam guide :
|b breadth and depth
|c Indranil Goswami.
|
| 250 |
|
|
|a Third edition.
|
| 260 |
|
|
|a New York:
|b McGraw-Hill Education,
|c 2015.
|
| 300 |
|
|
|a 1 online resource (1 volume (various pagings)):
|b illustrations, text file, PDF.
|
| 336 |
|
|
|a text
|2 rdacontent
|
| 337 |
|
|
|a computer
|2 rdamedia
|
| 338 |
|
|
|a online resource
|2 rdacarrier
|
| 650 |
|
0 |
|a Civil engineers --
|x Certification --
|z United States
|
| 650 |
|
0 |
|a Civil engineering --
|x Examinations
|
| 655 |
|
0 |
|a Electronic books
|
| 856 |
4 |
2 |
|u http://library.unisel.edu.my/web/guest/mylibrary
|
| 997 |
|
|
|a Engineering & Life Sciences, Faculty
|b Engineering, Department
|
| 998 |
|
|
|a Civil Engineering, Degree
|
| 999 |
|
|
|a EBO0000462
|b EBOOK
|c EBOOK
|e Electronic resources
|